• 首页
  • 本馆介绍
  • 公告通知
  • 最新文献
  • 馆藏检索
  • 电子资源
  • 读者导购
  • 参考咨询
  • 我的图书馆
  • 登录
  • 详细信息显示
  • 放入我的书架
  • 预约/预借图书
  • 作者相关作品
  • 分类相关作品
  • 丛书相关作品
  • 出版社相关作品

书目信息

  • 表格格式
  • 工作单格式
  • 卡片格式
题名:
我国消费者保护中的冷却期制度研究
    
 
作者: 张靖 著
分册:  
出版信息: 北京   法律出版社  2014
页数: 202页
开本: 23cm
丛书名:
单 册:
中图分类: D922.294.4
科图分类:
主题词: 消费者权益保护--Xiao Fei Zhe Quan Yi Bao Hu--研究--中国
电子资源:
ISBN: 978-7-5118-6625-7
000 01025nam0 22002411 450
001 0101082459
005 20161201102308.35
010    @a978-7-5118-6625-7@dCNY35.00
100    @a20141008d2014 em y0chiy50 ea
101 0  @achi
102    @aCN@b110000
105    @ay z 000yy
106    @ar
200 1  @a我国消费者保护中的冷却期制度研究@AWo Guo Xiao Fei Zhe Bao Hu Zhong De Leng Que Qi Zhi Du Yan Jiu@f张靖著
210    @a北京@c法律出版社@d2014
215    @a202页@d23cm
300    @a中国2011年度教育部人文社会科学研究课题“消费者保护中的冷却期制度研究”(11YJA820110)
330    @a本书是国内第一部对冷却期制度进行系统研究的专著。主要论述了冷却期制度的性质和特征、冷却期制度的价值分析、我国冷却期制度的建构障碍及总体解决思路、我国冷却期制度的立法模式选择、我国冷却期制度的具体规则设计等内容。
606 0  @a消费者权益保护@AXiao Fei Zhe Quan Yi Bao Hu@x研究@y中国
690    @aD922.294.4@v5
701  0 @a张靖@AZhang Jing@c(女,@f1980~)@4著
801  0 @aCN@bTANGWEI@c20161128
905    @b0951802-6@dD922.294.4@e1485@f5
    
    我国消费者保护中的冷却期制度研究/张靖著.-北京:法律出版社,2014
    202页;23cm
    中国2011年度教育部人文社会科学研究课题“消费者保护中的冷却期制度研究”(11YJA820110)
    
    ISBN 978-7-5118-6625-7:CNY35.00
    本书是国内第一部对冷却期制度进行系统研究的专著。主要论述了冷却期制度的性质和特征、冷却期制度的价值分析、我国冷却期制度的建构障碍及总体解决思路、我国冷却期制度的立法模式选择、我国冷却期制度的具体规则设计等内容。
●
相关链接 在E读中查询图书 在五车中查询图书 在当当中查询图书 在豆瓣中查询图书


正题名:我国消费者保护中的冷却期制度研究     索取号:D922.294.4/1485         预约/预借

序号 登录号 条形码 馆藏地/架位号 状态 备注
1 0951802   209518020   第一样本阅览室/ [索取号:D922.294.4/1485] 在馆    
2 0951803   209518039   第一借阅区/ [索取号:D922.294.4/1485] 在馆    
3 0951804   209518048   第一借阅区/ [索取号:D922.294.4/1485] 在馆    
4 0951805   209518057   第一借阅区/ [索取号:D922.294.4/1485] 在馆    
5 0951806   209518066   密集书库-史法系/ [索取号:D922.294.4/1485] 在馆    
唐山师范学院图书馆 欢迎您!
大连网信软件有限公司© 版权所有